| 000 | 01265cam a2200361 a 4500 | ||
|---|---|---|---|
| 001 | 13842188 | ||
| 003 | GBCCL | ||
| 005 | 20241126110330.0 | ||
| 008 | 041026s2004 ii b 100 0 eng | ||
| 010 | _a 2004312169 | ||
| 020 | _a8172147937 | ||
| 025 | _aI-E-2004-312169; 13 | ||
| 035 | _a(DLC) 2004312169 | ||
| 037 |
_bLibrary of Congress -- New Delhi Overseas Office _cRs225.00 ($18.00 U.S.) |
||
| 040 |
_aDLC _cDLC _dDLC |
||
| 042 | _alcode | ||
| 043 | _aa-ii--- | ||
| 050 | 0 | 0 |
_aBV652.1 _b.L3965 2004 |
| 082 |
_a266.00954 _bLEA |
||
| 245 | 0 | 0 |
_aLeadership and mission : _bpapers from the 9th CMS consultation / _cedited by Mark T.B. Laing. |
| 260 |
_aDelhi : _bCMS/ISPCK, _c2004. |
||
| 300 |
_axiii, 285 p. ; _c23 cm. |
||
| 504 | _aIncludes bibliographical references. | ||
| 520 | _aContributed seminar paper. | ||
| 650 | 0 |
_aChristian leadership _vCongresses. _92226 |
|
| 650 | 0 |
_aMissions _zIndia _vCongresses. _92227 |
|
| 651 | 0 |
_aIndia _xChurch history _y21st century _vCongresses. _91052 |
|
| 700 | 1 |
_aLaing, Mark T. B. _92228 |
|
| 710 | 2 |
_aUnion Biblical Seminary (Pune, India). _bCentre for Mission Studies. _bConsultation. _92229 |
|
| 906 |
_a7 _bcbc _corigode _d3 _encip _f20 _gy-gencatlg |
||
| 942 |
_2ddc _cBK _03 |
||
| 999 |
_c115 _d115 |
||